1833 1811 1574 1814 1251 1415 1244 1352 1307 1033 1006 1846 1924 1920 1283 1238 1707 1651 1203 1077 1607 1089 1049 1547 1426 1782 1004 1080 1043 1339 1301 1442 1627 1289 1558 1284 1860 1015 1817 1266 1141 1675 1674 1075 1756 1043 1993 1063 1578 1449 1719 1300 1107 1488 1877 1166 1802 1164 1596 1193 1655 1407 1722 1266 1824 1436 1449 1121 1051 1481 1363 1947 1488 1641 1352 1436 1070 1653 1315 1093 1634 1682 1265 1639 1411 1245 1767 1939 1304 1340 1413 1662 1619 1277 1234 1072 1900 1951 1556 BCNSPRNW ULIB Ver.6.0+V

เปลี่ยนเป็นภาษาไทย

Change to English
 แสดงรายละเอียดบรรณานุกรม
  กลับหน้าหลัก

Brief Record : Get Marc (ISO 2709) : E-mail record : QR code < ปิดหน้าต่าง
LEADER : 00000nam 2200000uu 4500
001    13399120109
003     ULIB
008    020711s2552 th a 000 0 tha d
020    9786110600972
090    นว.^bต792จ
100    เตี่ยนซิน^eเขียน
245    จอมพยัคฆ์หญิง /^cเตี่ยนซิน
260    กรุงเทพฯ :^bแจ่มใส,^c2552
300    217 หน้า
700    พวงหยก,^eแปล
945    ^p159^l0^i026768
999    ^aทศพร
รายการนี้ยังไม่มีแท็ก
คุณยังไม่ได้ล็อกอิน คุณสามารถมีกิจกรรมร่วมกับเว็บไซต์ได้ แต่ต้องล็อกอินก่อน ::
  ล็อกอิน

รายการสื่อสารสนเทศ

ลำดับที่ ประเภท เลขเรียก/บาร์โค้ด สถานที่ สถานะ
1. นวนิยาย
นวนิยาย
นว. ต792จ ฉ.1 
  Barcode: 026768
ห้องสมุดวิทยาเขตสวรรค์ประชารักษ์
►นวนิยาย
บนชั้น
  ขอยืม

BibComment


ยังไม่เคยถูกคอมเมนท์

คอมเมนท์ทรัพยากรรายการนี้
  คอมเมนท์: จอมพยัคฆ์หญิง เต..


 Copyright 2026. Bcnsprnw @Library